000 00560nam a22001937a 4500
005 20250321153738.0
010 _aENG-144193
020 _c350.00
_a9788180642289
035 _aEN-127725
037 _bDBAD
082 _a954.52
_21
100 _aBasu, Nirban
_979828
245 _aTrade Union,Working Class Politics And Protest/
_cNirban Basu
260 _aKolkata
_bProgessive Publication
_c2019
270 _a37A,College Street
_bKolkalta
_e700007
300 _a400p
_c22cm(Hb)
700 _979717
942 _2ddc
_cEN
_h954.52
_mBAS
_e1
999 _c210429
_d210429